[Event "Niederbayern-ch"]
[Site "Vilshofen"]
[Date "2018.04.07"]
[Round "6"]
[White "Woitylak, Steffen"]
[Black "Schubert, Josef"]
[Result "1/2-1/2"]
[WhiteElo "2036"]
[BlackElo "2128"]
[PlyCount "79"]
[EventDate "2018.04.05"]
[EventType "swiss"]
[EventRounds "7"]
[EventCountry "GER"]
[SourceTitle "EXT 2023"]
[Source "ChessBase"]
[SourceDate "2022.10.05"]
[SourceVersion "1"]
[SourceVersionDate "2022.10.05"]
[SourceQuality "1"]

1. c4 g6 2. Nc3 c5 3. g3 Nc6 4. Bg2 Bg7 5. Nf3 Nf6 6. 0-0 d6 7. a3 0-0 8. d3 Rb8 9. Bg5 h6 10. Be3 e5 11. Rb1 a5 12. h3 Kh7 13. Ne1 Nh5 14. Bd2 f5 15. e3 Qe8 16. Nb5 Qe7 17. Bf3 Nf6 18. Bg2 Be6 19. b4 axb4 20. axb4 cxb4 21. Bxb4 Nxb4 22. Rxb4 d5 23. Qb3 dxc4 24. dxc4 Rfc8 25. Na3 Bf8 26. Nec2 e4 27. Rb1 Rc7 28. Bf1 Qf7 29. Nb5 Bxb4 30. Nxc7 Qxc7 31. Qxb4 h5 32. Nd4 Bf7 33. Nb5 Qd7 34. Qd6 Qd8 35. Qd4 Ne8 36. Na7 Qc7 37. Nb5 Qe7 38. Qa7 Rc8 39. Nd4 Rc7 40. Nb5 1/2-1/2

[Event "Niederbayern-ch"]
[Site "Vilshofen"]
[Date "2018.04.05"]
[Round "1"]
[White "Haselbeck, Franz"]
[Black "Schubert, Josef"]
[Result "0-1"]
[WhiteElo "1887"]
[BlackElo "2128"]
[PlyCount "94"]
[EventDate "2018.04.05"]
[EventType "swiss"]
[EventRounds "7"]
[EventCountry "GER"]
[SourceTitle "EXT 2023"]
[Source "ChessBase"]
[SourceDate "2022.10.05"]
[SourceVersion "1"]
[SourceVersionDate "2022.10.05"]
[SourceQuality "1"]

1. Nf3 c5 2. g3 b6 3. Bg2 Bb7 4. 0-0 Nf6 5. d3 g6 6. e4 d6 7. c3 Bg7 8. a4 0-0 9. Re1 Qc7 10. Na3 Nc6 11. Bd2 Rad8 12. Rc1 Ne5 13. Qe2 Nxf3+ 14. Bxf3 Nd7 15. Bg2 Bc6 16. Nb5 Qb8 17. d4 Bxb5 18. Qxb5 cxd4 19. cxd4 Bxd4 20. Rc4 Bf6 21. Rec1 Nc5 22. Rb4 Qc8 23. a5 bxa5 24. Qxa5 Qe6 25. Qb5 a5 26. Rbc4 Rb8 27. Qc6 Rxb2 28. Bh6 Rfb8 29. Bf1 Rc8 30. Qd5 Qxd5 31. exd5 a4 32. Rxa4 Rcb8 33. Ra7 Ne4 34. Rac7 Rd8 35. Be3 h5 36. h4 Kg7 37. Ra7 Rdb8 38. Bg2 Nc3 39. Bf3 Rb1 40. Rxb1 Rxb1+ 41. Kg2 Rb5 42. Bg5 Nxd5 43. Bd2 Rc5 44. Ba5 e6 45. Be1 Bd4 46. Rd7 Be5 47. Be4 Nf6 0-1

[Event "Bayern-ch"]
[Site "Rosenheim"]
[Date "2017.08.22"]
[Round "4"]
[White "Oberhofer, Cedric"]
[Black "Schubert, Josef"]
[Result "1/2-1/2"]
[WhiteElo "2222"]
[BlackElo "2042"]
[PlyCount "127"]
[EventDate "2017.08.20"]
[EventType "swiss"]
[EventRounds "9"]
[EventCountry "GER"]
[SourceTitle "EXT 2019"]
[Source "ChessBase"]
[SourceDate "2018.10.10"]
[SourceVersion "1"]
[SourceVersionDate "2018.10.10"]
[SourceQuality "1"]

1. d4 b5 2. e4 Bb7 3. Bd3 Nf6 4. Nd2 e6 5. Ngf3 a6 6. 0-0 Be7 7. Re1 d6 8. Nf1 Nc6 9. c3 0-0 10. Ng3 Re8 11. b4 Nd7 12. a4 bxa4 13. Rxa4 g6 14. Qe2 Nb6 15. Ra2 a5 16. b5 Nb8 17. c4 c6 18. Bd2 a4 19. Bb4 cxb5 20. cxb5 N8d7 21. Rea1 f6 22. Bc2 d5 23. Bxe7 Qxe7 24. Bxa4 Nxa4 25. Rxa4 dxe4 26. Rxa8 Bxa8 27. Nxe4 e5 28. Re1 f5 29. Nc3 e4 30. Qa2+ Kf8 31. Qb3 Qd8 32. Nd2 Qg5 33. Nf1 e3 34. g3 exf2+ 35. Kxf2 Rxe1 36. Kxe1 Qe7+ 37. Kf2 Nf6 38. Ne3 Qd6 39. d5 f4 40. gxf4 Qxf4+ 41. Ke2 Qxh2+ 42. Kd3 Qd6 43. Qc4 Bb7 44. Ne4 Nxe4 45. Kxe4 g5 46. Qf1+ Kg8 47. Qf5 Qb4+ 48. Kf3 Qxb5 49. Qxg5+ Kf8 50. Qf6+ Ke8 51. Qh8+ Kd7 52. Qxh7+ Kd6 53. Qh6+ Kc5 54. Qf8+ Kb6 55. Qf6+ Ka7 56. Qe7 Kb8 57. Qd6+ Ka7 58. Kf4 Bxd5 59. Qa3+ Kb8 60. Qd6+ Ka7 61. Nxd5 Qb8 62. Nc7 Kb7 63. Nb5 Qxd6+ 64. Nxd6+ 1/2-1/2

[Event "Niederbayern-ch"]
[Site "Vilshofen"]
[Date "2017.04.22"]
[Round "5"]
[White "Schubert, Josef"]
[Black "Stadler, Alexander"]
[Result "0-1"]
[WhiteElo "2013"]
[BlackElo "2049"]
[PlyCount "104"]
[EventDate "2017.04.20"]
[EventType "swiss"]
[EventRounds "7"]
[EventCountry "GER"]
[SourceTitle "EXT 2023"]
[Source "ChessBase"]
[SourceDate "2022.10.05"]
[SourceVersion "1"]
[SourceVersionDate "2022.10.05"]
[SourceQuality "1"]

1. d4 Nf6 2. c4 e6 3. Nf3 d5 4. g3 Be7 5. Bg2 0-0 6. 0-0 dxc4 7. Qc2 a6 8. Qxc4 b5 9. Qc2 Bb7 10. Rd1 Be4 11. Qd2 c5 12. Nc3 Bb7 13. dxc5 Qxd2 14. Bxd2 Bxc5 15. Rac1 Bb6 16. Bf4 Nbd7 17. Ne5 Bxg2 18. Nxd7 Nxd7 19. Kxg2 Nf6 20. Kf3 Rac8 21. e4 Rfd8 22. Rxd8+ Rxd8 23. Rd1 Rxd1 24. Nxd1 Kf8 25. Bd6+ Ke8 26. h3 Bd4 27. Bb4 Kd7 28. Bc3 Bxc3 29. Nxc3 Kc6 30. Ke3 Kc5 31. Kd3 Nd7 32. f4 b4 33. Ne2 e5 34. Nc1 a5 35. b3 exf4 36. gxf4 f6 37. Ke3 Kc6 38. Kd4 Nc5 39. Ne2 Ne6+ 40. Ke3 g5 41. f5 Nc5 42. Nc1 Kd6 43. Kd4 h5 44. Ne2 h4 45. Ng1 a4 46. bxa4 Nxa4 47. Nf3 Nc3 48. Nd2 Nxa2 49. Nc4+ Ke7 50. e5 g4 51. hxg4 h3 52. exf6+ Kxf6 0-1

[Event "Niederbayern-ch"]
[Site "Vilshofen"]
[Date "2017.04.20"]
[Round "1"]
[White "Mittermaier, Johann"]
[Black "Schubert, Josef"]
[Result "0-1"]
[WhiteElo "1664"]
[BlackElo "2013"]
[PlyCount "122"]
[EventDate "2017.04.20"]
[EventType "swiss"]
[EventRounds "7"]
[EventCountry "GER"]
[SourceTitle "EXT 2023"]
[Source "ChessBase"]
[SourceDate "2022.10.05"]
[SourceVersion "1"]
[SourceVersionDate "2022.10.05"]
[SourceQuality "1"]

1. e4 c5 2. c3 Nf6 3. e5 Nd5 4. d4 e6 5. Nf3 Be7 6. Be2 0-0 7. 0-0 d6 8. Nbd2 cxd4 9. cxd4 Nf4 10. Ne4 Nxe2+ 11. Qxe2 d5 12. Neg5 h6 13. Nh3 b6 14. Rd1 Ba6 15. Qe3 Nc6 16. a3 Rc8 17. Qf4 Na5 18. Qg4 Kh7 19. Be3 Nb3 20. Rab1 Be2 21. Re1 Bd3 22. Nf4 Bf5 23. Qg3 Rg8 24. h3 Rc4 25. Rbd1 g5 26. Nh5 g4 27. hxg4 Rxg4 28. Qh2 Rg6 29. Nf6+ Bxf6 30. exf6 Be4 31. Ng5+ Kg8 32. Nxe4 dxe4 33. Qe5 Qxf6 34. Qb5 Qf3 35. g3 Rc2 36. Qe5 Na5 37. b3 Nxb3 38. Rb1 Na5 39. Rbc1 Rxc1 40. Rxc1 Qf6 41. Qxe4 b5 42. Bf4 Nc4 43. Qa8+ Kh7 44. Qe4 Qe7 45. a4 a6 46. axb5 axb5 47. Kg2 Qd7 48. Rh1 Kg7 49. Rh5 f6 50. Rc5 Nd6 51. Qa8 Kh7 52. Kh2 Rg7 53. Qa6 Nf5 54. Rxb5 Qxd4 55. Qb6 Qe4 56. Rb4 Qe2 57. Rb2 Qh5+ 58. Kg1 e5 59. Qxf6 exf4 60. Rb5 Qd1+ 61. Kh2 fxg3+ 0-1

[Event "Regionalliga SO 1617"]
[Site "Bayern"]
[Date "2017.02.19"]
[Round "6.2"]
[White "Schubert, Josef"]
[Black "Geberl, Hans Walter"]
[Result "1/2-1/2"]
[WhiteElo "2008"]
[BlackElo "2155"]
[PlyCount "107"]
[EventDate "2016.10.16"]
[EventType "team-tourn"]
[EventRounds "9"]
[EventCountry "GER"]
[SourceTitle "EXT 2019"]
[Source "ChessBase"]
[SourceDate "2018.10.10"]
[SourceVersion "1"]
[SourceVersionDate "2018.10.10"]
[SourceQuality "1"]
[WhiteTeam "Landshut"]
[BlackTeam "Ingolstadt"]
[WhiteTeamCountry "GER"]
[BlackTeamCountry "GER"]

1. d4 d5 2. c4 dxc4 3. e4 Nc6 4. Be3 Nf6 5. Nc3 e5 6. d5 Na5 7. Nf3 Bd6 8. Qa4+ Bd7 9. Qxa5 a6 10. Ne2 Nxe4 11. b4 b6 12. Qa3 a5 13. Qc1 Bxb4+ 14. Bd2 Nxd2 15. Nxd2 0-0 16. Nc3 Qh4 17. a3 Bc5 18. Nde4 Bd4 19. g3 Qe7 20. Bg2 b5 21. 0-0 f5 22. Nd2 e4 23. Rb1 b4 24. Ne2 Bxf2+ 25. Rxf2 e3 26. Rf4 exd2 27. Qxd2 Rae8 28. Nd4 c3 29. Qd3 Qc5 30. axb4 axb4 31. Kh1 Kh8 32. Nc2 Bb5 33. Qd4 Qxd4 34. Rxd4 Re2 35. Bf1 Rxc2 36. Bxb5 Ra8 37. Rdxb4 Raa2 38. Bf1 Rxh2+ 39. Kg1 g6 40. Rc1 Rhd2 41. Rxc3 Ra7 42. Rd3 Rc2 43. Rdb3 Ra1 44. Rb1 Raa2 45. Rc4 Rxc4 46. Bxc4 Rc2 47. Bb3 Rc3 48. Kf2 Kg7 49. Ba4 Kf6 50. Re1 Kg5 51. Re3 Rc5 52. Bb3 h5 53. Kf3 Rc1 54. Ba4 1/2-1/2

[Event "Bayern-ch"]
[Site "Bad Griesbach"]
[Date "2016.08.24"]
[Round "6"]
[White "Schelle, Artur"]
[Black "Schubert, Josef"]
[Result "1-0"]
[WhiteElo "2200"]
[BlackElo "1994"]
[PlyCount "75"]
[EventDate "2016.08.21"]
[EventType "swiss"]
[EventRounds "9"]
[EventCountry "GER"]
[SourceTitle "EXT 2022"]
[Source "ChessBase"]
[SourceDate "2021.10.06"]
[SourceVersion "1"]
[SourceVersionDate "2021.10.06"]
[SourceQuality "1"]

1. e4 c5 2. Nc3 e6 3. f4 g6 4. d4 Bg7 5. dxc5 Qa5 6. Qd3 Na6 7. e5 Nb4 8. Qd2 Ne7 9. Nb5 0-0 10. c3 Nbc6 11. b4 Qd8 12. Nf3 f6 13. exf6 Bxf6 14. Bb2 a5 15. g3 b6 16. Nd6 axb4 17. cxb4 Bxb2 18. Qxb2 bxc5 19. b5 Qa5+ 20. Kf2 Nb4 21. Be2 Nf5 22. Nxc8 Rfxc8 23. Rhd1 Nd5 24. Qe5 Nde3 25. Ng5 Nxd1+ 26. Rxd1 Nd4 27. Qf6 Rf8 28. Qe7 Rf5 29. Qxh7+ Kf8 30. Rxd4 cxd4 31. Qxd7 Qa7 32. Nxe6+ Kg8 33. Qxa7 Rxa7 34. Bc4 Kh7 35. Nxd4 Rc5 36. Bb3 Rc3 37. Ke2 Rd7 38. Ne6 1-0

[Event "Bayern-ch"]
[Site "Bad Griesbach"]
[Date "2016.08.24"]
[Round "5"]
[White "Schubert, Josef"]
[Black "Schatz, Christian"]
[Result "0-1"]
[WhiteElo "1994"]
[BlackElo "2212"]
[PlyCount "66"]
[EventDate "2016.08.21"]
[EventType "swiss"]
[EventRounds "9"]
[EventCountry "GER"]
[SourceTitle "EXT 2022"]
[Source "ChessBase"]
[SourceDate "2021.10.06"]
[SourceVersion "1"]
[SourceVersionDate "2021.10.06"]
[SourceQuality "1"]

1. d4 Nf6 2. c4 c5 3. d5 b5 4. cxb5 a6 5. b6 d6 6. g3 g6 7. Bg2 Nbd7 8. e4 Bg7 9. Nh3 0-0 10. 0-0 Qxb6 11. Nc3 a5 12. Qb3 Ba6 13. Qxb6 Nxb6 14. Rd1 Rab8 15. Rb1 Nfd7 16. Bg5 Rfe8 17. Bf1 Bxf1 18. Kxf1 Nc4 19. b3 Bxc3 20. bxc4 Rb4 21. Rb3 Bf6 22. Rxb4 axb4 23. Ke2 Ra8 24. Rd2 Nb6 25. Rc2 Na4 26. Bd2 Bc3 27. Nf4 Bxd2 28. Kxd2 Nc3 29. Ne2 Nxe4+ 30. Ke3 f5 31. f3 Ra3+ 32. Kf4 Nf2 33. g4 Nd3+ 0-1

[Event "Bayern-ch"]
[Site "Bad Griesbach"]
[Date "2016.08.22"]
[Round "2"]
[White "Schubert, Josef"]
[Black "Schmid, Roland1111"]
[Result "0-1"]
[WhiteElo "1994"]
[BlackElo "2338"]
[PlyCount "62"]
[EventDate "2016.08.21"]
[EventType "swiss"]
[EventRounds "9"]
[EventCountry "GER"]
[SourceTitle "EXT 2022"]
[Source "ChessBase"]
[SourceDate "2021.10.06"]
[SourceVersion "1"]
[SourceVersionDate "2021.10.06"]
[SourceQuality "1"]

1. d4 d5 2. c4 c6 3. Nc3 Nf6 4. Nf3 e6 5. e3 Nbd7 6. Bd3 dxc4 7. Bxc4 b5 8. Bd3 Bb7 9. 0-0 a6 10. e4 c5 11. d5 Qc7 12. dxe6 fxe6 13. Ng5 Qc6 14. f4 h6 15. Nf3 c4 16. Bc2 0-0-0 17. Qe2 b4 18. e5 bxc3 19. exf6 cxb2 20. Bxb2 Qb6+ 21. Bd4 Bxf3 22. Qxc4+ Qc6 23. Qd3 Nxf6 24. Ba4 Rxd4 25. Bxc6 Rxd3 26. Bxf3 Bd6 27. Rab1 Nd5 28. Rfc1+ Bc7 29. Rc6 Kd7 30. Rbc1 Bxf4 31. R1c4 Rb8 0-1

[Event "Niederbayernliga 1516"]
[Site "Bayern"]
[Date "2016.04.10"]
[Round "9.4"]
[White "Schubert, Josef"]
[Black "Schneider, Roland"]
[Result "1-0"]
[WhiteElo "1986"]
[BlackElo "1998"]
[PlyCount "73"]
[EventDate "2015.10.11"]
[EventType "team-tourn"]
[EventRounds "9"]
[EventCountry "GER"]
[SourceTitle "EXT 2023"]
[Source "ChessBase"]
[SourceDate "2022.10.05"]
[SourceVersion "1"]
[SourceVersionDate "2022.10.05"]
[SourceQuality "1"]
[WhiteTeam "Landshut"]
[BlackTeam "Passau II"]
[WhiteTeamCountry "GER"]
[BlackTeamCountry "GER"]

1. d4 Nf6 2. Bg5 e6 3. e4 d6 4. Bd3 Be7 5. Nf3 h6 6. Bd2 c5 7. c3 Nbd7 8. Na3 a6 9. Nc4 b5 10. Nxd6+ Bxd6 11. e5 Be7 12. exf6 Nxf6 13. Qe2 Bb7 14. Rd1 cxd4 15. Nxd4 0-0 16. 0-0 Qd5 17. f3 Rfe8 18. a3 Rad8 19. Be3 Qe5 20. Rfe1 Qc7 21. Bb1 Bd6 22. g3 Bd5 23. Qf2 Qb7 24. Rf1 Bb8 25. g4 Bc4 26. Rfe1 e5 27. Nf5 Nd5 28. Qh4 f6 29. Bxh6 gxh6 30. Nxh6+ Kf8 31. Rxd5 Qb6+ 32. Kg2 Bxd5 33. Nf5 Bg8 34. Qh6+ Kf7 35. Ba2+ Re6 36. Qg7+ Ke8 37. Qxg8+ 1-0

[Event "Niederbayernliga 1516"]
[Site "Bayern"]
[Date "2016.02.21"]
[Round "7.4"]
[White "Huber, Florian"]
[Black "Schubert, Josef"]
[Result "1/2-1/2"]
[WhiteElo "1682"]
[BlackElo "1986"]
[PlyCount "39"]
[EventDate "2015.10.11"]
[EventType "team-tourn"]
[EventRounds "9"]
[EventCountry "GER"]
[SourceTitle "EXT 2023"]
[Source "ChessBase"]
[SourceDate "2022.10.05"]
[SourceVersion "1"]
[SourceVersionDate "2022.10.05"]
[SourceQuality "1"]
[WhiteTeam "Landau Dingolfing II"]
[BlackTeam "Landshut"]
[WhiteTeamCountry "GER"]
[BlackTeamCountry "GER"]

1. d4 b5 2. e4 Bb7 3. Bd3 e6 4. Nf3 c5 5. c3 c4 6. Bc2 d6 7. 0-0 Nc6 8. Bf4 Qc7 9. e5 Rd8 10. Qe2 d5 11. a3 a5 12. Nbd2 a4 13. Bg3 Be7 14. h3 Nh6 15. Nh4 g6 16. Qe3 Nf5 17. Bxf5 gxf5 18. Qh6 Kd7 19. Nxf5 Rdg8 20. Nxe7 1/2-1/2

[Event "Niederbayernliga 1516"]
[Site "Bayern"]
[Date "2016.01.31"]
[Round "6.5"]
[White "Heiduk, Christoph"]
[Black "Schubert, Josef"]
[Result "0-1"]
[WhiteElo "1893"]
[BlackElo "1986"]
[PlyCount "82"]
[EventDate "2015.10.11"]
[EventType "team-tourn"]
[EventRounds "9"]
[EventCountry "GER"]
[SourceTitle "EXT 2023"]
[Source "ChessBase"]
[SourceDate "2022.10.05"]
[SourceVersion "1"]
[SourceVersionDate "2022.10.05"]
[SourceQuality "1"]
[WhiteTeam "Bayerwald Regen"]
[BlackTeam "Landshut"]
[WhiteTeamCountry "GER"]
[BlackTeamCountry "GER"]

1. d4 Nf6 2. c4 e6 3. Nc3 b6 4. d5 Bb7 5. e4 d6 6. f4 Nbd7 7. Nf3 Qe7 8. Qd4 g6 9. Bd3 Bg7 10. 0-0 0-0 11. Qe3 Rae8 12. Re1 Nc5 13. Bc2 exd5 14. cxd5 Qd7 15. Qd2 c6 16. Rb1 cxd5 17. exd5 Rxe1+ 18. Nxe1 Re8 19. b4 Nfe4 20. Nxe4 Nxe4 21. Bxe4 Rxe4 22. Nc2 Qf5 23. Rb3 Qc8 24. Ba3 Qc4 25. Rd3 Rxf4 26. g3 Re4 27. Kg2 Qc8 28. b5 Qe8 29. Kf2 Qe5 30. Ne3 Bh6 31. Ng4 Qf5+ 32. Rf3 Bxd2 33. Rxf5 gxf5 34. Nf6+ Kg7 35. Nh5+ Kg6 36. Nf4+ Bxf4 37. gxf4 Rxf4+ 38. Ke3 Ra4 39. Bxd6 Rxa2 40. Kd4 Rd2+ 41. Ke3 Rxd5 0-1

[Event "Niederbayernliga 1516"]
[Site "Bayern"]
[Date "2016.01.17"]
[Round "5.5"]
[White "Schubert, Josef"]
[Black "Eberle, Anton"]
[Result "1-0"]
[WhiteElo "1986"]
[BlackElo "1723"]
[PlyCount "65"]
[EventDate "2015.10.11"]
[EventType "team-tourn"]
[EventRounds "9"]
[EventCountry "GER"]
[SourceTitle "EXT 2023"]
[Source "ChessBase"]
[SourceDate "2022.10.05"]
[SourceVersion "1"]
[SourceVersionDate "2022.10.05"]
[SourceQuality "1"]
[WhiteTeam "Landshut"]
[BlackTeam "Roehrnbach II"]
[WhiteTeamCountry "GER"]
[BlackTeamCountry "GER"]

1. d4 d5 2. c4 c6 3. Nf3 Nf6 4. Nc3 g6 5. Bf4 e6 6. e3 Bg7 7. Rc1 0-0 8. Be2 Re8 9. 0-0 Nbd7 10. Ne5 a6 11. b4 h6 12. Qb3 dxc4 13. Nxc4 Nd5 14. Bg3 Bf8 15. e4 Nxc3 16. Qxc3 Nb6 17. Nb2 Qe7 18. Nd3 Nd7 19. f4 Bg7 20. Bf2 h5 21. Bf3 Rd8 22. Rfe1 Qf6 23. a4 h4 24. h3 Bh6 25. e5 Qe7 26. a5 g5 27. Be3 f5 28. Qd2 gxf4 29. Bxf4 Bxf4 30. Qxf4 Kh7 31. d5 Nf8 32. d6 Qg7 33. Qxh4+ 1-0

[Event "Niederbayernliga 1516"]
[Site "Bayern"]
[Date "2015.10.25"]
[Round "2.5"]
[White "Siemens, Andreas"]
[Black "Schubert, Josef"]
[Result "1-0"]
[WhiteElo "1920"]
[BlackElo "1986"]
[PlyCount "95"]
[EventDate "2015.10.11"]
[EventType "team-tourn"]
[EventRounds "9"]
[EventCountry "GER"]
[SourceTitle "EXT 2023"]
[Source "ChessBase"]
[SourceDate "2022.10.05"]
[SourceVersion "1"]
[SourceVersionDate "2022.10.05"]
[SourceQuality "1"]
[WhiteTeam "Rottal II"]
[BlackTeam "Landshut"]
[WhiteTeamCountry "GER"]
[BlackTeamCountry "GER"]

1. Nf3 f5 2. Nc3 Nf6 3. d4 e6 4. d5 exd5 5. Nxd5 c6 6. Nxf6+ Qxf6 7. e3 d5 8. Be2 Bd6 9. 0-0 0-0 10. c4 dxc4 11. Bxc4+ Kh8 12. Qc2 Nd7 13. Bd2 Ne5 14. Nxe5 Bxe5 15. Bb4 Rd8 16. f4 Bc7 17. Bc3 Qe7 18. Rf3 Be6 19. Rg3 Rg8 20. Bd3 Qf7 21. b3 Bd8 22. e4 Bf6 23. exf5 Bd5 24. Be5 Rae8 25. Re3 Bd8 26. Rh3 Bf6 27. Re1 Re7 28. Rhe3 Rge8 29. g4 Kg8 30. Qf2 a5 31. g5 Bxe5 32. fxe5 Qh5 33. Qg3 Kh8 34. e6 Rf8 35. Be2 Qe8 36. Qe5 Qb8 37. Bg4 Qxe5 38. Rxe5 a4 39. R1e3 axb3 40. axb3 Kg8 41. Kf2 Ra8 42. Bf3 Bxf3 43. Kxf3 Kf8 44. f6 gxf6 45. gxf6 Ree8 46. Rh5 Ra1 47. Kg2 Ra2+ 48. Kg3 1-0

[Event "Regionalliga SO 1415"]
[Site "Bayern"]
[Date "2015.02.22"]
[Round "7.5"]
[White "Schubert, Josef"]
[Black "Zepke, Armin"]
[Result "1/2-1/2"]
[WhiteElo "1986"]
[BlackElo "2008"]
[PlyCount "69"]
[EventDate "2014.10.19"]
[EventType "team-tourn"]
[EventRounds "9"]
[EventCountry "GER"]
[SourceTitle "EXT 2018"]
[Source "ChessBase"]
[SourceDate "2017.10.13"]
[SourceVersion "1"]
[SourceVersionDate "2017.10.13"]
[SourceQuality "1"]
[WhiteTeam "Landshut"]
[BlackTeam "Bayerwald Regen/Zwiesel"]
[WhiteTeamCountry "GER"]
[BlackTeamCountry "GER"]

1. d4 d5 2. c4 c6 3. Bf4 dxc4 4. e3 Bf5 5. Bxc4 e6 6. Nf3 Nf6 7. 0-0 Bg4 8. h3 Bxf3 9. Qxf3 Bd6 10. Bg5 Nbd7 11. Nc3 Qa5 12. Bh4 Qh5 13. Qxh5 Nxh5 14. Rfd1 Be7 15. Bxe7 Kxe7 16. Rd2 Rhd8 17. Rad1 Nhf6 18. Be2 Nb6 19. g3 Nbd5 20. Bf3 Nxc3 21. bxc3 Rac8 22. Kf1 b6 23. e4 c5 24. Ke2 cxd4 25. cxd4 Rc3 26. d5 exd5 27. e5 Ne8 28. Bxd5 Nc7 29. Bb3 Rxd2+ 30. Rxd2 Ne6 31. Rd6 Nc5 32. Rc6 Kd7 33. Rd6+ Ke7 34. Rc6 Kd7 35. Rd6+ 1/2-1/2

[Event "Regionalliga SO 1314"]
[Site "Bayern"]
[Date "2014.03.16"]
[Round "8.7"]
[White "Senff, Rudolf"]
[Black "Schubert, Josef"]
[Result "0-1"]
[WhiteElo "1706"]
[BlackElo "1962"]
[PlyCount "74"]
[EventDate "2013.10.13"]
[EventType "team-tourn"]
[EventRounds "9"]
[EventCountry "GER"]
[SourceTitle "EXT 2015"]
[Source "ChessBase"]
[SourceDate "2014.11.20"]
[SourceVersion "1"]
[SourceVersionDate "2014.11.20"]
[SourceQuality "1"]
[WhiteTeam "Landau Dingolfing"]
[BlackTeam "Landshut"]
[WhiteTeamCountry "GER"]
[BlackTeamCountry "GER"]

1. Nf3 c5 2. g3 b6 3. Bg2 Bb7 4. 0-0 Nf6 5. d3 g6 6. e4 d6 7. Re1 Bg7 8. e5 dxe5 9. Rxe5 0-0 10. Nc3 Re8 11. Re1 Nbd7 12. a4 a6 13. Bf4 Nd5 14. Nxd5 Bxd5 15. Qc1 e5 16. Bh6 Bh8 17. Bg5 Qc7 18. h4 Qb7 19. Re3 Bg7 20. h5 h6 21. hxg6 fxg6 22. Re4 Bxe4 23. dxe4 hxg5 24. Qxg5 Qc6 25. Nh4 Qf6 26. Qe3 c4 27. Bh3 Nc5 28. b4 cxb3 29. cxb3 a5 30. Bf1 Bf8 31. Bc4+ Kg7 32. Kg2 Be7 33. Rh1 Rh8 34. Bd5 Rac8 35. Qe2 Ne6 36. Qg4 Nd4 37. Rd1 Rc2 0-1

[Event "Regionalliga SO 1314"]
[Site "Bayern"]
[Date "2014.02.23"]
[Round "7.5"]
[White "Schubert, Josef"]
[Black "Firlbeck, Hubert"]
[Result "0-1"]
[WhiteElo "1962"]
[BlackElo "2075"]
[PlyCount "82"]
[EventDate "2013.10.13"]
[EventType "team-tourn"]
[EventRounds "9"]
[EventCountry "GER"]
[SourceTitle "EXT 2015"]
[Source "ChessBase"]
[SourceDate "2014.11.20"]
[SourceVersion "1"]
[SourceVersionDate "2014.11.20"]
[SourceQuality "1"]
[WhiteTeam "Landshut"]
[BlackTeam "Deggendorf"]
[WhiteTeamCountry "GER"]
[BlackTeamCountry "GER"]

1. d4 d6 2. c4 Nf6 3. Nf3 Bg4 4. Nc3 c6 5. e3 Nbd7 6. Be2 e5 7. 0-0 Be7 8. Qc2 0-0 9. Rd1 Qc7 10. a3 Rfe8 11. b4 Rac8 12. Bb2 Bf8 13. Rac1 e4 14. Nd2 d5 15. Nf1 Nb6 16. Bxg4 Nxg4 17. cxd5 cxd5 18. Qe2 Qd7 19. Nd2 Bd6 20. g3 Bb8 21. b5 Qf5 22. Kg2 h5 23. a4 Nd7 24. Ba3 Ndf6 25. Nb3 Nh7 26. h3 Ngf6 27. Nc5 Ng5 28. Rh1 Nf3 29. Nxb7 h4 30. Nd6 Bxd6 31. Bxd6 Rc4 32. Bc5 Re6 33. Nxd5 Rxc1 34. Nxf6+ Rxf6 35. Rxc1 hxg3 36. fxg3 Qh5 37. Rc2 Rh6 38. h4 Qg4 39. Be7 f6 40. Qc4+ Kh7 41. Qc8 Nxh4+ 0-1

[Event "Regionalliga SO 1314"]
[Site "Bayern"]
[Date "2013.10.13"]
[Round "1.6"]
[White "Schubert, Josef"]
[Black "Moser, Wolfgang"]
[Result "0-1"]
[WhiteElo "1962"]
[BlackElo "2033"]
[PlyCount "52"]
[EventDate "2013.10.13"]
[EventType "team-tourn"]
[EventRounds "9"]
[EventCountry "GER"]
[SourceTitle "EXT 2015"]
[Source "ChessBase"]
[SourceDate "2014.11.20"]
[SourceVersion "1"]
[SourceVersionDate "2014.11.20"]
[SourceQuality "1"]
[WhiteTeam "Landshut"]
[BlackTeam "Trostberg"]
[WhiteTeamCountry "GER"]
[BlackTeamCountry "GER"]

1. c4 c6 2. g3 Nf6 3. Bg2 g6 4. b3 Bg7 5. Bb2 0-0 6. Nf3 d6 7. 0-0 Bf5 8. d3 e5 9. e4 Bg4 10. h3 Bxf3 11. Qxf3 Na6 12. Nc3 Nd7 13. Qe2 Ndc5 14. Kh2 Ne6 15. Rae1 Nd4 16. Qd2 Nc7 17. f4 f5 18. Rf2 Nce6 19. b4 exf4 20. gxf4 Qh4 21. exf5 Rxf5 22. Ne4 Raf8 23. Nxd6 Rxf4 24. Rxf4 Nxf4 25. Bxd4 Bxd4 26. Re4 Bf2 0-1

[Event "Regionalliga SO 1213"]
[Site "Bayern"]
[Date "2013.04.14"]
[Round "9.7"]
[White "Hartmann, Karl Heinz"]
[Black "Schubert, Josef"]
[Result "1/2-1/2"]
[WhiteElo "1870"]
[BlackElo "1960"]
[PlyCount "23"]
[EventDate "2012.10.14"]
[EventType "team-tourn"]
[EventRounds "9"]
[EventCountry "GER"]
[SourceTitle "EXT 2015"]
[Source "ChessBase"]
[SourceDate "2014.11.20"]
[SourceVersion "1"]
[SourceVersionDate "2014.11.20"]
[SourceQuality "1"]
[WhiteTeam "Ebersberg Grafing"]
[BlackTeam "Landshut"]
[WhiteTeamCountry "GER"]
[BlackTeamCountry "GER"]

1. e4 Nf6 2. Nc3 e5 3. Nf3 d6 4. Bc4 Be7 5. d4 exd4 6. Nxd4 0-0 7. 0-0 Nc6 8. Nxc6 bxc6 9. Bg5 Be6 10. Bxe6 fxe6 11. e5 Nd5 12. Bxe7 1/2-1/2

[Event "Regionalliga SO 1213"]
[Site "Bayern"]
[Date "2013.03.17"]
[Round "8.8"]
[White "Leckner, Thomas"]
[Black "Schubert, Josef"]
[Result "1/2-1/2"]
[WhiteElo "1754"]
[BlackElo "1960"]
[PlyCount "43"]
[EventDate "2012.10.14"]
[EventType "team-tourn"]
[EventRounds "9"]
[EventCountry "GER"]
[SourceTitle "EXT 2015"]
[Source "ChessBase"]
[SourceDate "2014.11.20"]
[SourceVersion "1"]
[SourceVersionDate "2014.11.20"]
[SourceQuality "1"]
[WhiteTeam "Tegernsee"]
[BlackTeam "Landshut"]
[WhiteTeamCountry "GER"]
[BlackTeamCountry "GER"]

1. d4 b5 2. e4 Bb7 3. e5 e6 4. Nf3 a6 5. Bd3 d6 6. 0-0 Nd7 7. Re1 Ne7 8. Ng5 dxe5 9. dxe5 Nc5 10. Be2 h6 11. Qxd8+ Rxd8 12. Nh3 Ng6 13. f4 Nh4 14. g3 Nf3+ 15. Bxf3 Bxf3 16. Nd2 Bb7 17. Nf2 Be7 18. Kf1 Rd7 19. Nde4 Na4 20. b3 Nc5 21. Nxc5 Bxc5 22. Be3 1/2-1/2